000 00460nam a2200181Ia 4500
001 4849
005 20260306145825.0
008 260306t1987||||xx |||||||||||||| ||spa||
041 _aESP
082 _a330.980033
_bA46
100 _aDe Althaus Guarderas, Jaime
_eAUT
245 0 _aDesarrollo hacia adentro y anemia regional en el Perú
260 _c1987
300 _a312 páginas :
_c21cm.
650 _aGEN
654 _aCAN
942 _cLIB
_dJUS
_fJUS
_2ddc
_n
999 _c4849
_d4849